Регионална библиотека "Любен Каравелов" - Русе

Тайнственият остров (Запис номер 49694)

MARC детайли
000 -Лидер
Контролно поле с фиксирана дължина 01234nam a2200313 a 4500
003 - Код на организацията, давaща контролен номер
Контролно поле BLK
005 - Дата и час на последна редакция
Контролно поле 20250714110415.0
008 - Елементи от данни с фиксирана дължина
fixed length control field 180408b bul|||||r ||||||| ||bul||
010 ## - Наследен системен номер
LC control number KNG00053550000
040 ## - Източник на каталожния запис
Идентификатор на билиотеката - собственик на записа BLK
041 ## - Код за език
Код за езика на текст/звукозапис или на отделно заглавие Български
Код за езика КДБФ Български
080 ## - УДК
Текстов определител УДК Френска литература
УДК код - определител по УДК 821.133.1
УДК определител -31
УДК - код + определител 821.133.1-31
100 ## - Редна дума - Автор
Автор Верн, Жул
R(LIN) 263632
139 ## - Редно поле
Редна дума Верн, Жул
Авторски знак Верн - В 50
245 10 - Сведения за заглавието
Заглавие Тайнственият остров
Подзаглавни данни Роман в 3 ч.
Редно поле (дума) Жул Верн; прев. от фр. Йордан Павлов.
250 ## - Област на изданието
Сведения за изданието [5. изд.]
257 ## - Страна на издаване
Страна на създаване/издаване Франция
260 ## - Област на издателските данни
Място на издаване, разпространение и проч. София
Име на издателя, разпространителя и проч. Нар. младеж
Година на издаване 1970
Печатница София : ДП Г. Димитров
300 ## - Физическа характеристика
Страници 464 с.
Размери/Мащаб 23 см
380 ## - Жанр
Жанр Худож. лит.
500 ## - Общи забележки
Забележка 1. изд. 1921 на изд. Хемус с прев. Харитон Иванов Генадиев. - Ориг. загл. L'ile mysterieuse / Jules Verne. - 40 100 тир.
700 1# - Други автори (авторска отговорност)
Лично име Павлов, Йордан
Автороска отговорност (Описва отношението между автора и произведението) прев. от фр.
9 (RLIN) 259282
852 ## - Местоположение
Форматна сигнатура Цб 54457
Фондова буква Хранилище
856 4# - Електронен адрес и достъп
Електронен формат pdf - файл
856 4# - Електронен адрес и достъп
Електронен формат pdf - файл
999 ## - СИСТЕМНИ КОНТРОЛНИ НОМЕРА
Koha biblionumber 49694
Koha biblioitemnumber 49694
942 ## - АРТИКУЛИ
Вид на библиотечния материал Книги
Скрит в OPAC Не
Периодичен библиозапис Да
Koha issues (borrowed), all copies 1
944 ## - СЪЗДАВАНЕ И РЕДАКЦИЯ на ЗАПИСА
Създаване/Редакция Създаване
Дата на регистрацията/редакция 29.01.2016
Статус, дата на статуса Анна Гръцманова
Служител, извършил регистрацията/редакцията 30564
944 ## - СЪЗДАВАНЕ И РЕДАКЦИЯ на ЗАПИСА
Създаване/Редакция Редакция
Дата на регистрацията/редакция 16.02.2016
Статус, дата на статуса ф /
Служител, извършил регистрацията/редакцията Людмила_Стоянова
Наличности
Код за отписване Код за изгубен артикул Код за повреда Коз за рестрикции Код за отдаване Артикулен № Име на библиотеката - собственик Име на библиотеката, в която се намира в момента Статус (Текущо местоположение) Дата на вписване в системата Местоположение - отдел Цена в лева Инвентарен номер Систематично азбучна сигнатура Баркод Номер на екземпляра Цена в евро Служебна бележка Служебен тип на артикула Източник на класификационната схема Бележка за публиката
  Не е изгубен Не е повреден без рестрикции заемане за дома 77730 Регионална библиотека "Любен Каравелов" Русе Регионална библиотека "Любен Каравелов" Русе Детски отдел 2016-01-28 Детски отдел 1.68 120000797244 ДХ 820/899/В 50 120000797244 1 0.86 Дост: DA Вид: А N: 4 Дата: 28.01.2016 Книги    
  Не е изгубен Не е повреден само за читалня ползва се в читалня 77731 Регионална библиотека "Любен Каравелов" Русе Регионална библиотека "Любен Каравелов" Русе Хранилище 1970-01-01 Хранилище 1.68 78802 Цб 54457 120000078802 2 0.86 Дост: Dp Вид: Д N: стар фонд Дата: 01.01.1970 Книги Universal Decimal Classification  
Изтеглен Не е изгубен Не е повреден без рестрикции заемане за дома 77732 Регионална библиотека "Любен Каравелов" Русе Регионална библиотека "Любен Каравелов" Русе   1970-01-01 Заемна - подръчен фонд 1.68 78617 П 840-31/В 50 78617 3 0.86 Дост: Pk Вид: Ф N: стар фонд Дата: 01.01.1970 Книги   Отч.N: 18/18 , Дата: 22.03.2018
Изтеглен Не е изгубен Не е повреден без рестрикции заемане за дома 77733 Регионална библиотека "Любен Каравелов" Русе Регионална библиотека "Любен Каравелов" Русе   1970-01-01 Заемна - подръчен фонд 1.68 78619 П 840-31/В 50 78619 4 0.86 Дост: Pk Вид: Ф N: стар фонд Дата: 01.01.1970 Книги   Отч.N: 18/18 , Дата: 22.03.2018
Изтеглен Не е изгубен Не е повреден без рестрикции заемане за дома 77734 Регионална библиотека "Любен Каравелов" Русе Регионална библиотека "Любен Каравелов" Русе   1970-01-01 Заемна - подръчен фонд 1.68 78621 П 840-31/В 50 78621 5 0.86 Дост: Pk Вид: Ф N: стар фонд Дата: 01.01.1970 Книги   Отч.N: 18/18 , Дата: 22.03.2018
Изтеглен Не е изгубен Не е повреден без рестрикции заемане за дома 77735 Регионална библиотека "Любен Каравелов" Русе Регионална библиотека "Любен Каравелов" Русе   1970-01-01 Заемна - подръчен фонд 1.68 78622 П 840-31/В 50 78622 6 0.86 Дост: Pk Вид: Ф N: стар фонд Дата: 01.01.1970 Книги   Отч.N: 18/18 , Дата: 22.03.2018
Изтеглен Не е изгубен Не е повреден без рестрикции заемане за дома 77736 Регионална библиотека "Любен Каравелов" Русе Регионална библиотека "Любен Каравелов" Русе   1970-01-01 Заемна - подръчен фонд 1.68 78623 П 840-31/В 50 78623 7 0.86 Дост: Pk Вид: Ф N: стар фонд Дата: 01.01.1970 Книги   Отч.N: 18/18 , Дата: 22.03.2018
Изтеглен Не е изгубен Не е повреден без рестрикции заемане за дома 77737 Регионална библиотека "Любен Каравелов" Русе Регионална библиотека "Любен Каравелов" Русе   1970-01-01 Заемна - подръчен фонд 1.68 78624 П 840-31/В 50 78624 8 0.86 Дост: Pk Вид: Ф N: стар фонд Дата: 01.01.1970 Книги   Отч.N: 18/18 , Дата: 22.03.2018
Vip Innovations Ltd, Rousse, Bulgaria 2025